Elena Hidvéghyová-Yung: Dážď slivkových kvetov

Bibliographic Details
Main Author: Kravárik, Peter (Author)
Format: Article
Language:Slovak
ISSN:1335-7786
Subjects:

MARC

LEADER 00000nab a2200000 a 4500
001 vtls010472408
003 SK-MaSNL
005 20260304154951.0
008 250507c2012 xo ||||||||||||00 b|slo
015 |a SNBRB2012/11  |2 snkbucl 
035 |a (uuid)6296fb00-c49a-4091-a39a-ea0366ed8b2f 
035 |a urn:nbn:sk:snk-abevd6 
035 |a (urnnbn)urn:nbn:sk:snk:ar-000jry 
038 |a SNKBUCL 
040 |a SNKBUCL  |b slo  |c SNKBUCL  |e AACR2 
041 0 |a slo 
044 |a xo  |c SK 
080 |a 82.09:821.162.4-31  |x (048)  |2 2001 
080 |a 821.162.4-31  |x (048)  |2 2001 
100 1 |a Kravárik, Peter  |4 aut  |9 815458 
245 1 0 |a Elena Hidvéghyová-Yung: Dážď slivkových kvetov  |c Peter Kravárik 
500 |a Na dokumente uvedený nesprávny ročník (IV.+127.) 
650 0 7 |a slovenské romány  |2 snkbucl  |9 103163 
655 7 |a recenzie  |2 snkbucl  |9 21907 
773 0 |t Slovenské pohľady  |g Roč. IV.+128., č. 5 (2012), s. 127-128  |x 1335-7786 
787 0 8 |i Rec.:  |a Hidvéghyová-Yung, Elena, 1970-  |t Dážď slivkových kvetov  |d Bratislava : Slovart, 2011  |z 9788055602400 
850 |a Slovenská národná knižnica 
852 |a Slovenská národná knižnica 
958 |a article27 
958 |a LX 
958 |a SK 
958 |a RC 
958 |a OND 
958 |a EUIPO 
999 |c 2960141  |d 2962071